Osborn's Consice law dictionary
| Main Author: | |
|---|---|
| Other Authors: | |
| Format: | Book |
| Published: |
London :
Sweet & Maxwell ,
1989
|
| Edition: | 7th ed. |
| Subjects: |
MARC
| LEADER | 00000cam a2200000 7i4500 | ||
|---|---|---|---|
| 001 | 0000003997 | ||
| 005 | 20050627.0 | ||
| 020 | |a 0421296801PBK | ||
| 040 | |a INS | ||
| 090 | 0 | 0 | |a KD313. |b O8 1989 |
| 100 | 0 | |a OSBORN, Precy Goerge | |
| 245 | 0 | 0 | |a Osborn's Consice law dictionary |c Percy Goerge Osborn |
| 250 | |a 7th ed. | ||
| 260 | |a London : |b Sweet & Maxwell , |c 1989 | ||
| 300 | |a viip : |b 390p ; |c 21cm. | ||
| 650 | 0 | 0 | |a Law |z England |x Dictionaries |
| 700 | 0 | |a Bird, Roger | |
| 999 | |a 0000003702 |b BOOK |c Open Shelf |e Default branch | ||